မတ်ႉၸိမၼိၵႃႇယပႃႇလိၸဝ်ႈပိၼ်ႇတႆး။ (Record no. 23869)

000 -LEADER
fixed length control field 01078nam a22002417a 4500
003 - CONTROL NUMBER IDENTIFIER
control field OSt
005 - DATE AND TIME OF LATEST TRANSACTION
control field 20260128094309.0
008 - FIXED-LENGTH DATA ELEMENTS--GENERAL INFORMATION
fixed length control field 230412b ||||| |||| 00| 0 eng d
040 ## - CATALOGING SOURCE
Transcribing agency SSBUL
041 ## - LANGUAGE CODE
Language code of text/sound track or separate title Shan
082 ## - DEWEY DECIMAL CLASSIFICATION NUMBER
Classification number 294.38232
Edition number 23
245 10 - TITLE STATEMENT
Title မတ်ႉၸိမၼိၵႃႇယပႃႇလိၸဝ်ႈပိၼ်ႇတႆး။
Statement of responsibility, etc. ၸဝ်ႈသြႃႇဝိသုတ်ႉထလႄႈၸဝ်ႈၶူးဢႃႇသၽ ပိၼ်ႇတႅမ်ႈ-
260 ## - PUBLICATION, DISTRIBUTION, ETC.
Place of publication, distribution, etc. တႃႈၵုင်ႈ
Name of publisher, distributor, etc. ၵတ်း
Date of publication, distribution, etc. 2012
300 ## - PHYSICAL DESCRIPTION
Extent 1241 ၼႃႈ
Dimensions 23 ၸိၼ်ႇထီႇ
500 ## - GENERAL NOTE
General note ပႃးပပ်ႉၸဝ်ႈတႃႇၼႁင်းၶေႃ တွၵ်ႉတိူဝ်ႇၸၢႆးဢွင်ႇထုၼ်းပပ်ႉၼိုင်ႈ။
General note S-SAT: Dr. Prof Sai Aung Tun
504 ## - BIBLIOGRAPHY, ETC. NOTE
Bibliography, etc. note ပႃးတၢမ်းလင်၊ ဝေႃးႁၢရ်၊ ၶေႃႈၸိၼႂ်း
650 ## - SUBJECT ADDED ENTRY--TOPICAL TERM
Topical term or geographic name entry element မတ်ႉၸိမၼိၵႃႇယ
942 ## - ADDED ENTRY ELEMENTS (KOHA)
Koha item type Books (Long term)
650 ## - SUBJECT ADDED ENTRY--TOPICAL TERM
9 (RLIN) 22912
Source of classification or shelving scheme
Source of classification or shelving scheme
Source of classification or shelving scheme
Holdings
Withdrawn status Lost status Source of classification or shelving scheme Damaged status Not for loan Collection Code Permanent Location Current Location Shelving location Date acquired Total Checkouts Full call number Barcode Date last seen Copy number Price effective from Koha item type Accession Date last checked out
          Tai Collection Shan State Buddhist University Library Shan State Buddhist University Library Tai Shelves 12/04/2023   294.38232 မတ်ႉ ႒(1) SH00000002 12/04/2023 1 12/04/2023 Books (Long term) ႒(1)  
          Tai Collection Shan State Buddhist University Library Shan State Buddhist University Library Tai Shelves 12/04/2023   294.38232 မတ်ႉ ႓(2) SH00000003 12/04/2023 2 12/04/2023 Books (Long term) ႓(2)  
          Tai Collection Shan State Buddhist University Library Shan State Buddhist University Library Tai Shelves 12/04/2023   294.38232 မတ်ႉ ႖႙႘(3) SH00000698 12/04/2023 3 12/04/2023 Books (Long term) ႖႙႘(3)  
          Tai Collection Shan State Buddhist University Library Shan State Buddhist University Library Tai Shelves 12/04/2023 5 294.38232 မတ်ႉ ႑႐႑႓(4) SH00001013 08/10/2025 4 12/04/2023 Books (Long term) ႑႐႑႓(4) 18/09/2025
          Tai Collection Shan State Buddhist University Library Shan State Buddhist University Library Tai Shelves 12/04/2023 4 294.38232 မတ်ႉ ႑႐႑႔(5) SH00001014 30/01/2025 5 12/04/2023 Books (Long term) ႑႐႑႔(5) 24/01/2025
          Tai Collection Shan State Buddhist University Library Shan State Buddhist University Library Special Collection Shelves 12/04/2023 1 294.38232 မတ်ႉ ႒႓႖႖ S-SAT SH00002366 07/10/2024 6 12/04/2023 Book (Short term) ႒႓႖႖ S-SAT 30/09/2024

Library - 09407999929
Admin Office - 09407999979
Dean Office - 09250910768
Registrar Office - 09892297154
Email - [email protected]
Shan State Buddhist University, Phaya Phyu Taunggyi, Shan State, Myanmar.